[Event "URS Spartakiada (Women)"]
[Site "Azov"]
[Date "1991.??.??"]
[Round "4"]
[White "Rubzova, Tatiana"]
[Black "Ranniku, Maaja"]
[Result "0-1"]
[WhiteElo "2240"]
[BlackElo "2215"]

1.g3 e5 2.c4 Nc6 3.Bg2 g6 4.Nc3 Bg7 5.e3 d6 6.Nge2 Be6 7.Nd5 Qd7 8.d3 h5
9.Qa4 Nh6 10.Bd2 O-O 11.O-O f5 12.Nb4 Nd4 13.Qd1 Nxe2+ 14.Qxe2 c6 15.d4 e4
16.Rac1 Rae8 17.Bc3 Qf7 18.b3 Ng4 19.Rfd1 Bd7 20.Nc2 g5 21.Bd2 Qg6 22.b4 h4
23.Bh3 Nf6 24.Kh1 g4 25.Bf1 Nh7 26.Ne1 Ng5 27.Bc3 d5 28.cxd5 cxd5 29.b5 Ne6
30.Ng2 hxg3 31.fxg3 Bh6 32.Bb4 Rf7 33.Qf2 Bg5 34.Rc2 Rh7 35.Rdc1 Qh6 36.Nf4 Bxf4
37.exf4 Kf7 38.Rd1 Reh8 39.Bd6 Nxd4 40.Qxd4 Qxd6 41.Qxd5+ Qxd5 42.Rxd5 Be6
43.Rdd2 Re8 44.Kg1 Rhh8 45.Rc7+ Re7 46.Rdc2 Rd8 47.h3 gxh3 48.Bxh3 Rd3 49.Kh2 e3
50.Rxe7+ Kxe7 51.Kg1 Rd2 52.Rc1 Rxa2 53.Re1 Ra3 54.Bg2 b6 55.Bc6 Kd6 56.Rc1 Rd3
57.Kf1 e2+ 58.Kxe2 Rxg3 59.Ra1 Bc4+ 60.Kf2 Rg7 61.Re1 a5 62.Re5 Be6 63.Re3 a4
64.Ra3 Ra7 65.Ke3 Kc5 66.Kd3 Bc4+ 67.Kc3 Bxb5 68.Bxb5 Kxb5 69.Ra2 Rc7+ 70.Kd4 Rc4+
71.Ke5 Rc5+ 72.Kd4 Ka5 73.Ra1 Rb5 74.Ra2 Rb1 75.Ke5 b5 76.Kxf5 b4 77.Ke6 b3
78.Rf2 b2  0-1

[Event "Bacolod"]
[Site "Bacolod"]
[Date "1991.??.??"]
[Round "8"]
[White "Ftacnik, Lubomir"]
[Black "Torre, Eugenio"]
[Result "1-0"]
[WhiteElo "2590"]
[BlackElo "2535"]

1.c4 e5 2.g3 Nf6 3.Bg2 d5 4.cxd5 Nxd5 5.Nc3 Nb6 6.Nf3 Nc6 7.O-O Be7 8.a3 O-O
9.b4 Be6 10.Rb1 f6 11.d3 a5 12.b5 Nd4 13.Nd2 Bd5 14.Nxd5 Nxd5 15.Bxd5+ Qxd5
16.a4 Bb4 17.Nb3 c6 18.e4 Qd7 19.Nxd4 exd4 20.Bd2 c5 21.Rc1 b6 22.f4 Rfe8
23.f5 Qf7 24.Bf4 Rac8 25.Qe2 Bc3 26.g4 c4 27.g5 cxd3 28.Qxd3 Qb7 29.gxf6 gxf6
30.e5 fxe5 31.Bh6 Kf7 32.f6 e4 33.Qh3 Rg8+ 34.Bg7 Rxg7+ 35.fxg7+ Kxg7 36.Qe6 e3
37.Rc2 Kh8 38.Rg2 d3 39.Rf7 e2 40.Rxh7+  1-0

[Event "JUG-ch"]
[Site "Banja Vrucica"]
[Date "1991.??.??"]
[Round "?"]
[White "Mozetic, Dejan"]
[Black "Dzevlan, Miralem"]
[Result "1-0"]
[WhiteElo "2265"]
[BlackElo "2405"]

1.c4 e5 2.g3 Nf6 3.Bg2 d5 4.cxd5 Nxd5 5.Nf3 Nc6 6.O-O Nb6 7.d3 Be7 8.Nbd2 Bg4
9.a3 a5 10.b3 f5 11.Bb2 Bf6 12.b4 Qe7 13.b5 Nd8 14.h3 Bh5 15.a4 c5 16.bxc6 Nxc6
17.e4 O-O-O 18.Ba3 Qc7 19.Qb3 Bf7 20.Qb5 fxe4 21.Nxe4 Rd5 22.Bd6 Qd8 23.Bc5 Na8
24.Rab1 Nb4 25.Rfc1 Kb8 26.Nd6 Rxd6 27.Nxe5 Bd5 28.Nf7  1-0

[Event "JUG-ch"]
[Site "Banja Vrucica"]
[Date "1991.??.??"]
[Round "?"]
[White "Mozetic, Dejan"]
[Black "Tesic, Dragan"]
[Result "1/2-1/2"]
[WhiteElo "2265"]
[BlackElo "2265"]

1.c4 e5 2.g3 Nf6 3.Bg2 Nc6 4.Nc3 g6 5.d3 Bg7 6.e4 d6 7.Nge2 O-O 8.O-O Nh5
9.Nd5 f5 10.exf5 Bxf5 11.h3 Be6 12.Rb1 Qd7 13.Kh2 Rf7 14.b4 a6 15.a4 Raf8
16.b5 axb5 17.axb5 Nd8 18.f3 c6 19.bxc6 bxc6 20.Ne3 d5 21.cxd5 cxd5 22.d4 exd4
23.Nxd4 Nxg3 24.Kxg3 Be5+ 25.Kf2 Bxh3 26.Rh1 Bxg2 27.Kxg2 Bxd4 28.Qxd4 Ne6
29.Qe5 Rxf3 30.Ng4 h5 31.Rb8 Nf4+ 32.Kxf3 Qxg4+ 33.Ke3 Qe2+ 34.Kd4 Qc4+ 35.Ke3 Qd3+
36.Kf2 Qc2+ 37.Kf3 Qg2+ 38.Ke3 Qe2+ 39.Kd4 Qd3+ 40.Kc5 Qc4+ 41.Kb6 Qb4+ 42.Ka7 Qa5+
43.Kb7 Qb5+ 44.Ka7 Qa5+  1/2-1/2

[Event "JUG-ch"]
[Site "Banja Vrucica"]
[Date "1991.??.??"]
[Round "?"]
[White "Sinanovic, Muhamed"]
[Black "Vratonjic, Slobodan"]
[Result "1-0"]
[WhiteElo "2435"]
[BlackElo "2375"]

1.c4 e5 2.g3 d6 3.Bg2 Nf6 4.Nc3 Be7 5.e4 O-O 6.d3 c6 7.Nge2 a6 8.a4 a5 9.O-O Na6
10.f4 Qb6+ 11.Kh1 Ng4 12.d4 exd4 13.Nxd4 Re8 14.h3 Nf6 15.b3 Bf8 16.Be3 Nc5
17.Qc2 g6 18.Rab1 Bg7 19.Nde2 Bd7 20.Rfd1 Rad8 21.g4 Bc8 22.Ng3 h6 23.Bd4 Qb4
24.Na2 Qa3 25.Bc3 b6 26.Nc1 Nh7 27.e5 Nxa4 28.bxa4 dxe5 29.Rxd8 Rxd8 30.fxe5 Qc5
31.Nce2 Be6 32.Qe4 Rc8 33.Qd4 Qa3 34.Qxb6 Qxa4 35.c5 Nf8 36.Qxa5 Qxa5 37.Bxa5 Bxe5
38.Bc3 Bxc3 39.Nxc3 Nd7 40.Na4 Rc7 41.Ne2 Ra7 42.Bxc6 Nxc5 43.Bb5 Bd5+ 44.Kg1 Rc7
45.Nd4  1-0

[Event "JUG-ch"]
[Site "Banja Vrucica"]
[Date "1991.??.??"]
[Round "?"]
[White "Abramovic, Bosko"]
[Black "Bistric, Faruk"]
[Result "1/2-1/2"]
[WhiteElo "2520"]
[BlackElo "2330"]

1.c4 e5 2.g3 Nc6 3.Bg2 g6 4.Nc3 Bg7 5.d3 d6 6.e4 h5 7.h4 Nh6 8.Nge2 Nd4 9.Nxd4 exd4
10.Ne2 Ng4 11.b3 Bd7 12.O-O O-O 13.Bb2 c5 14.Nf4 b5 15.Bc1 Bh6 16.Nd5 Bxc1
17.Qxc1 bxc4 18.bxc4 Bc6 19.Bh3 Bxd5 20.cxd5 Ne5 21.Qd1 c4 22.dxc4 Qb6 23.Qb3 Qc5
24.Qb5 Rab8 25.Qxc5 dxc5 26.f4 Nxc4 27.Rfc1 Nd2 28.Bg2 c4 29.Rc2 c3 30.e5 Rb2
31.Rac1 Rfb8 32.d6 Rxc2 33.Rxc2 Kf8 34.Rc1 Rb2 35.Bd5 Ke8 36.Bc6+ Kd8 37.Bd5 Kd7
38.Bxf7 Nf3+ 39.Kf1 Nh2+ 40.Kg1 Nf3+  1/2-1/2

[Event "JUG-ch"]
[Site "Banja Vrucica"]
[Date "1991.??.??"]
[Round "?"]
[White "Abramovic, Bosko"]
[Black "Maric, Dragan"]
[Result "1-0"]
[WhiteElo "2520"]
[BlackElo "2325"]

1.c4 e5 2.g3 Nf6 3.Bg2 d5 4.cxd5 Nxd5 5.Nf3 Nc6 6.O-O Nb6 7.d3 Be7 8.Nbd2 O-O
9.a3 Re8 10.b4 Bf8 11.Bb2 a5 12.b5 Nd4 13.Nxd4 exd4 14.a4 Bb4 15.Nb3 Bg4
16.Nxd4 Nd5 17.Qb3 Ne7 18.e3 Rb8 19.Ba3 c5 20.bxc6 bxc6 21.Bxb4 c5 22.Bxa5 Qxa5
23.Nb5 Red8 24.Rfc1 Rbc8 25.d4 Be6 26.Qa3 Bd5 27.Rxc5 Bxg2 28.Kxg2 Qa8+ 29.Kg1 Nd5
30.Rac1 Nf6 31.Rxc8 Rxc8 32.Rxc8+ Qxc8 33.Qc5 Qh3 34.Nd6  1-0

[Event "JUG-ch"]
[Site "Banja Vrucica"]
[Date "1991.??.??"]
[Round "?"]
[White "Abramovic, Bosko"]
[Black "Mujagic, Ramo"]
[Result "1-0"]
[WhiteElo "2520"]
[BlackElo "2315"]

1.c4 e5 2.g3 d6 3.Bg2 f5 4.Nc3 Nf6 5.d3 g6 6.e4 fxe4 7.Nxe4 Nxe4 8.Bxe4 Nd7
9.Bg2 Bg7 10.Ne2 O-O 11.O-O Nc5 12.d4 exd4 13.Nxd4 a5 14.Be3 Bd7 15.Qd2 a4
16.Rfe1 Qf6 17.Rad1 Rae8 18.h4 Bg4 19.Rb1 Ne4 20.Qc2 Nc5 21.b4 axb3 22.axb3 c6
23.Rbc1 Qf7 24.b4 Ne6 25.Nb3 Bf3 26.Bxf3 Qxf3 27.Qd1 Qf7 28.Qd2 Ra8 29.Na5 c5
30.Nb3 Ra3 31.Rb1 Rxb3 32.Rxb3 Nd4 33.Bxd4 Bxd4 34.Re2 Qxc4 35.Rd3 b5 36.Kg2 Qd5+
37.f3 Ra8 38.Qf4 Rf8 39.Qg4 Rf5 40.Qe4 Qxe4 41.Rxe4 Rf8 42.f4 Ra8 43.Re6 Rd8
44.g4 Kf7 45.f5 gxf5 46.gxf5 h5 47.Kf3 Rd7 48.Ke4 d5+ 49.Kf3 Rc7 50.Rd6 Bf6
51.bxc5 Rxc5 52.Rd7+ Ke8 53.R7xd5 Rxd5 54.Rxd5 b4 55.Rb5 Bc3 56.Rb7 Kd8 57.Ke4 Kc8
58.Rh7 b3 59.Kd3 Be5 60.Rxh5 b2 61.Kc2 Kd7 62.Rh6  1-0

[Event "JUG-ch"]
[Site "Banja Vrucica"]
[Date "1991.??.??"]
[Round "?"]
[White "Abramovic, Bosko"]
[Black "Popovic, Petar"]
[Result "1-0"]
[WhiteElo "2520"]
[BlackElo "2510"]

1.c4 e5 2.g3 Nc6 3.Bg2 f5 4.Nc3 Nf6 5.e3 g6 6.Nge2 Bg7 7.O-O O-O 8.d3 d6
9.Bd2 Be6 10.Nd5 Rb8 11.Qc2 Ne7 12.e4 c6 13.Nxe7+ Qxe7 14.Rae1 b5 15.exf5 gxf5
16.b3 d5 17.Bc3 e4 18.cxd5 cxd5 19.Qd2 b4 20.Bd4 Ng4 21.Bxg7 Qxg7 22.Nf4 Bf7
23.d4 Qh6 24.h3 Nf6 25.Qe3 Qg7 26.Rc1 Rfc8 27.Rxc8+ Rxc8 28.Rc1 Qf8 29.Bf1 Qd8
30.Ng2 Kg7 31.Qg5+ Bg6 32.Nf4 Kf7 33.Rxc8 Qxc8 34.h4 Qc1 35.Nxg6  1-0

[Event "Bayern-ch"]
[Site "Bayern"]
[Date "1991.??.??"]
[Round "2"]
[White "Mandl, Robert"]
[Black "Meier, T."]
[Result "1-0"]
[WhiteElo "2395"]
[BlackElo "2275"]

1.c4 e5 2.g3 Nf6 3.Bg2 d5 4.cxd5 Nxd5 5.Nc3 Nb6 6.Nf3 Nc6 7.O-O Be7 8.d3 O-O
9.Be3 Bg4 10.a4 a5 11.Rc1 Re8 12.Nb5 Rc8 13.Rxc6 bxc6 14.Na7 Bb4 15.Nxc8 Qxc8
16.Qc2 Re6 17.d4 Nd7 18.Ng5 Rg6 19.Be4 Rxg5 20.Bxg5 h6 21.Be3 exd4 22.Bxd4 c5
23.Be3 Nf6 24.Bg2 Qa6 25.Bxc5 Bxe2 26.Bxb4 axb4 27.Ra1 Bd3 28.Qxc7 Kh7 29.a5 Qe6
30.Qb6 Qb3 31.Qd4 Ba6 32.Bf1 Bxf1 33.Rxf1 Qf3 34.Qxb4 Ne4 35.Qa3 Qf5 36.a6 Ng5
37.a7 Qe4 38.f3 Qe2 39.Qa1 Qe3+ 40.Kg2 Nxf3 41.Rxf3 Qe2+ 42.Rf2  1-0

[Event "Bayern-chB"]
[Site "Bayern"]
[Date "1991.??.??"]
[Round "3"]
[White "Negele, Anton"]
[Black "Lochte, Thomas"]
[Result "0-1"]
[WhiteElo "2265"]
[BlackElo "2245"]

1.c4 e5 2.g3 Nf6 3.Bg2 c6 4.Nf3 e4 5.Nd4 d5 6.cxd5 cxd5 7.O-O Nc6 8.Nxc6 bxc6
9.d3 exd3 10.Qxd3 Be7 11.Qc2 Bd7 12.Nc3 O-O 13.b3 Rc8 14.Bb2 d4 15.Ne4 c5
16.Rad1 Re8 17.Rfe1 Bg4 18.h3 Bh5 19.Nxf6+ Bxf6 20.Be4 Bg6 21.Bxg6 hxg6 22.Qd3 Qd7
23.Kg2 c4 24.Qf3 cxb3 25.axb3 Rc2 26.Bxd4 Bxd4 27.e3 Qb5 28.exd4 Rec8 29.Re7 f6
30.Rb7 Qe8 31.Rxa7 R2c3 32.Rd3 Rxd3 33.Qxd3 Rc1 34.Qd2 Qe4+ 35.f3 Qb1 36.Ra2 Rg1+
37.Kf2 Qf1+ 38.Ke3 Rxg3 39.Qe2 Qxh3 40.d5 g5 41.Kd4 Rxf3 42.Ra8+ Kh7 43.Re8 Rxb3
44.Qc2+ f5 45.Re2 Qg4+ 46.Ke5 Qf4+ 47.Ke6 Rb6+ 48.Kf7 Rf6+ 49.Ke8 Qb8+ 50.Kd7 Rd6+
51.Ke7 Qd8+ 52.Kf7 Rf6+  0-1

[Event "Bayern-ch"]
[Site "Bayern"]
[Date "1991.??.??"]
[Round "4"]
[White "Mandl, Robert"]
[Black "Roeder, Gerd"]
[Result "1-0"]
[WhiteElo "2395"]
[BlackElo "2280"]

1.c4 e5 2.g3 Nf6 3.Bg2 d5 4.cxd5 Nxd5 5.Nc3 Be6 6.Nf3 Nc6 7.O-O Nb6 8.d3 Be7
9.Be3 O-O 10.Qc1 f6 11.Rd1 Nd4 12.Bxd4 exd4 13.Ne4 Qd7 14.Nc5 Bxc5 15.Qxc5 Rfd8
16.Rdc1 c6 17.a4 Qd6 18.Qxd6 Rxd6 19.a5 Nd7 20.Ra4 c5 21.b4 Rc8 22.bxc5 Nxc5
23.Rb4 Na6 24.Rxc8+ Bxc8 25.Rxd4 Rxd4 26.Nxd4 Nc7 27.Nb3 Kf7 28.d4 Ke7 29.e3 b6
30.axb6 axb6 31.Kf1 Be6 32.Nd2 Kd6 33.Ke2 Na6 34.Kd3 b5 35.e4 Bd7 36.f4 Kc7
37.d5 Kb6 38.Kd4 Nb4 39.e5 Nc2+ 40.Kc3 Ne3 41.Be4 Bc8 42.Kd4 Ng4 43.e6 g6
44.h3 Nf2 45.f5 Nxe4 46.Nxe4 gxf5 47.Nxf6 Kc7 48.Ke5 b4 49.d6+ Kc6 50.e7 Bd7
51.Nxd7 Kxd7 52.Kf6 b3 53.Kf7 Kxd6 54.e8=Q Kc5 55.Qa4  1-0

[Event "Beersheba-B"]
[Site "Beersheba"]
[Date "1991.??.??"]
[Round "?"]
[White "Berkovich, Mark A"]
[Black "Vydeslaver, Alik"]
[Result "1-0"]
[WhiteElo "2405"]
[BlackElo "2200"]

1.c4 e5 2.g3 g6 3.Bg2 Bg7 4.Nc3 d6 5.Nf3 f5 6.d3 Nf6 7.O-O O-O 8.Rb1 a5 9.a3 c6
10.b4 axb4 11.axb4 Kh8 12.b5 c5 13.Bg5 Nbd7 14.Qd2 Nb6 15.Ra1 Rxa1 16.Rxa1 Qc7
17.Bh6 e4 18.Ne1 Re8 19.Nc2 Bxh6 20.Qxh6 Qf7 21.Ne3 Ng8 22.Qh4 Qg7 23.Rc1 g5
24.Qh3 f4 25.Nf5 Bxf5 26.Qxf5 Re5 27.Qh3 f3 28.Bf1 exd3 29.exd3 Ne7 30.Ne4 Nf5
31.g4 Nd4 32.Nxd6 Ne2+ 33.Bxe2 fxe2 34.Re1 Qd7 35.Nf5 Nxc4 36.Qh6 Rxf5 37.gxf5 Qxf5
38.Rxe2  1-0

[Event "Bern"]
[Site "Bern"]
[Date "1991.??.??"]
[Round "8"]
[White "Zueger, Beat"]
[Black "Cramling, Pia"]
[Result "1-0"]
[WhiteElo "2425"]
[BlackElo "2470"]

1.c4 e5 2.g3 Nf6 3.Bg2 d5 4.cxd5 Nxd5 5.Nc3 Nb6 6.Nf3 Nc6 7.O-O Be7 8.a3 Be6
9.b4 O-O 10.Rb1 a6 11.d3 f5 12.Bb2 Bf6 13.Nd2 Qe8 14.Na4 Rd8 15.Nc5 Bc8 16.Qc2 Rd6
17.a4 Kh8 18.b5 axb5 19.axb5 Nd8 20.Ba3 Be7 21.Na4 Nxa4 22.Bxd6 Bxd6 23.Qxa4 Ne6
24.e3 Qh5 25.Qd1 Qh6 26.Nf3 g5 27.d4 e4 28.Ne5 g4 29.Ra1 Ng5 30.Ra8 Kg7 31.Qa1 Qe6
32.Rc1 Kh6 33.Nc4 Be7 34.Ne5 Bd6 35.Qa2 Qe7 36.Nc4 Be6 37.Rxf8 Qxf8 38.Qa7 Bxc4
39.Rxc4 Qf7 40.Rc1 b6 41.Qa4 Qh5 42.Qc4 Kg7 43.Ra1 Nf3+ 44.Bxf3 gxf3 45.Ra8 Qh3
46.Qf1 Qh5 47.h4 Qf7 48.Qa1 f4 49.exf4 Bxf4 50.d5+ Kh6 51.Qd4 Qf5 52.Re8 Bxg3
53.fxg3  1-0

[Event "Biel op (Women)"]
[Site "Biel"]
[Date "1991.??.??"]
[Round "5"]
[White "Foisor, Cristina Adela B"]
[Black "Alexandria, Nana"]
[Result "1-0"]
[WhiteElo "2305"]
[BlackElo "2310"]

1.c4 e5 2.g3 c6 3.Bg2 d5 4.Qb3 d4 5.d3 Nd7 6.Nd2 a5 7.Qc2 f5 8.Ngf3 Ngf6
9.O-O c5 10.e3 Be7 11.exd4 exd4 12.Re1 O-O 13.Ng5 Re8 14.Ne6 Qb6 15.Nf4 Kh8
16.Nf3 Nf8 17.Re2 Ne6 18.Ne5 Nxf4 19.Bxf4 Be6 20.Rae1 Bf8 21.Qb3 Qxb3 22.axb3 Ra7
23.Ng6+ hxg6 24.Rxe6 Rxe6 25.Rxe6 a4 26.Rb6 axb3 27.Bc7  1-0

[Event "Bled op"]
[Site "Bled"]
[Date "1991.??.??"]
[Round "?"]
[White "Vaulin, Alexander"]
[Black "Furlan, Miha"]
[Result "1/2-1/2"]
[WhiteElo "2510"]
[BlackElo "2260"]

1.c4 e5 2.g3 Nc6 3.Bg2 g6 4.Nc3 Bg7 5.Rb1 a5 6.a3 d6 7.b4 axb4 8.axb4 Nf6
9.b5 Ne7 10.Nf3 O-O 11.O-O h6 12.d3 Be6 13.Bd2 Qd7 14.c5 Nfd5 15.Qc1 Kh7
16.Nxd5 Bxd5 17.Bb4 Ba2 18.Rb2 e4 19.dxe4 Bxb2 20.Qxb2 Qxb5 21.Nd4 Qd7 22.cxd6 cxd6
23.Rd1 Rfd8 24.h4 Bc4 25.Qc3 Rac8 26.Qf3 Qa4 27.Rb1 Qa2 28.Re1 Ng8 29.Bh3 Ra8
30.h5 Qa4 31.Bc3 Qe8 32.Rb1 b5 33.Bb2 Ra2 34.Nc2 Rxb2 35.hxg6+ fxg6 36.Rxb2 Qe5
37.Rb1 Kg7 38.Ne3 Rf8 39.Nxc4 bxc4 40.Rb7+ Ne7 41.Qe3 Rf7 42.f4 Qa1+ 43.Kh2 Ng8
44.Rxf7+ Kxf7 45.e5 dxe5 46.fxe5 h5 47.e6+ Ke8 48.Qe4 Qf6 49.Qa8+ Qd8 50.Qa4+ Kf8
51.Qxc4 Qf6 52.Bg2 Ne7 53.Bf3 Kg7  1/2-1/2

[Event "BRA-ch m"]
[Site "?"]
[Date "1991.??.??"]
[Round "2"]
[White "Correa, Aron A"]
[Black "Matsuura, Everaldo"]
[Result "0-1"]
[WhiteElo "2345"]
[BlackElo "2330"]

1.c4 e5 2.g3 Nf6 3.Bg2 d5 4.cxd5 Nxd5 5.Nc3 Nb6 6.Nf3 Nc6 7.O-O Be7 8.a3 O-O
9.b4 Re8 10.d3 Nd4 11.Nd2 c6 12.e3 Ne6 13.Nf3 f6 14.Bb2 Nd5 15.Qb3 Nxc3 16.Bxc3 Qxd3
17.Nh4 Kh8 18.Rad1 Qb5 19.f4 exf4 20.exf4 Nc5 21.Qc2 Na4 22.f5 c5 23.Rf4 Nxc3
24.Qxc3 h6 25.Ng6+ Kh7 26.Re4 cxb4 27.axb4 Bd8 28.g4 Bb6+ 29.Kh1 Bd7 30.Ne7 Rad8
31.Rd5 Qa4 32.b5 Qa2 33.Qc1 Qf2 34.Qb1 Bc8 35.g5 hxg5 36.Qd1 g4 37.h3 Rxd5
38.Nxd5 Rxe4 39.Bxe4 Qh4 40.Qxg4 Qe1+ 41.Kg2 Qg1+  0-1

[Event "BRA-ch m"]
[Site "?"]
[Date "1991.??.??"]
[Round "2"]
[White "Braga, Cicero"]
[Black "Watanabe, Roberto"]
[Result "1/2-1/2"]
[WhiteElo "2355"]
[BlackElo "2325"]

1.c4 e5 2.g3 Nf6 3.Bg2 c6 4.Nf3 e4 5.Nd4 d5 6.cxd5 Qxd5 7.e3 Na6 8.Nc3 Qe5
9.O-O Bb4 10.Qc2 Nc5 11.Nce2 Ncd7 12.a3 Bc5 13.b4 Bxd4 14.exd4 Qh5 15.Nf4 Qb5
16.d3 exd3 17.Re1+ Kf8 18.Nxd3 Nb6 19.Bf4 Be6 20.Nc5 Qc4 21.Qd2 Rd8 22.Rad1 Bg4
23.Nxb7 Bxd1 24.Nxd8 Ba4 25.Nb7 h6 26.Nc5 Qc2 27.Qxc2 Bxc2 28.Bxc6 Kg8 29.Be5 Nfd5
30.Bxd5 Nxd5 31.Rc1 Bf5 32.Nb3 Kh7 33.f3 Re8 34.Kf2 f6 35.Bd6 Re3 36.Nc5 Rxa3
37.g4 Bg6 38.Ne6 Ra2+ 39.Kg3 Bc2 40.h4 Nc3 41.Re1 h5 42.Nf8+ Kg8 43.Nd7 hxg4
44.Kxg4 Nd5 45.Kg3 Ba4 46.Nc5  1/2-1/2

[Event "BRA-ch m"]
[Site "?"]
[Date "1991.??.??"]
[Round "5"]
[White "Braga, Cicero"]
[Black "Watanabe, Roberto"]
[Result "1-0"]
[WhiteElo "2355"]
[BlackElo "2325"]

1.g3 e5 2.c4 g6 3.Bg2 Bg7 4.Nc3 Nc6 5.d3 Nf6 6.e4 O-O 7.Nge2 d6 8.O-O a6
9.h3 Rb8 10.a4 a5 11.f4 exf4 12.Bxf4 h6 13.Qd2 Kh7 14.g4 Ne5 15.b3 Bd7 16.d4 Nc6
17.Rad1 Ng8 18.Nb5 Rc8 19.Bg3 Nb4 20.e5 Bxb5 21.axb5 d5 22.Nf4 Ne7 23.Ne2 c6
24.bxc6 bxc6 25.Bh4 Qd7 26.Bf6 Ng8 27.Bxg7 Kxg7 28.Nf4 Rcd8 29.cxd5 cxd5
30.Rc1 Rc8 31.Rfe1  1-0

[Event "BRA-ch m"]
[Site "?"]
[Date "1991.??.??"]
[Round "6"]
[White "Watanabe, Roberto"]
[Black "Resende, Antonio Carlos"]
[Result "1-0"]
[WhiteElo "2325"]
[BlackElo "2330"]

1.c4 e5 2.g3 Nf6 3.Bg2 c6 4.Nc3 d6 5.d4 Nbd7 6.Nf3 g6 7.O-O Bg7 8.Qc2 O-O
9.Rd1 Re8 10.b3 Qc7 11.Ba3 e4 12.Ng5 e3 13.f3 Qa5 14.Nxf7 Kxf7 15.Bxd6 Nf8
16.Ne4  1-0

[Event "CSR-ch"]
[Site "Bratislava"]
[Date "1991.??.??"]
[Round "3"]
[White "Biolek, Richard"]
[Black "Prandstetter, Eduard"]
[Result "1-0"]
[WhiteElo "2360"]
[BlackElo "2430"]

1.c4 e5 2.g3 Nf6 3.Bg2 Nc6 4.Nc3 Bb4 5.Nd5 Nxd5 6.cxd5 Ne7 7.Nf3 Bd6 8.O-O O-O
9.d4 exd4 10.Qxd4 c5 11.Qd3 f5 12.b3 Ng6 13.Bb2 Qe7 14.Rae1 f4 15.e3 fxg3
16.fxg3 Re8 17.e4 Ne5 18.Bxe5 Bxe5 19.Nxe5 Qxe5 20.Qf3 g6 21.Qf7+ Kh8 22.Rf4 Rg8
23.Ref1 b6 24.Rh4 Rg7 25.Qf8+ Rg8 26.Qh6 Qd4+ 27.Rf2 Qg7 28.Qg5 Ba6 29.e5 Rae8
30.Rf6 Bd3 31.Be4 Bxe4 32.Rxe4 Rgf8 33.Ref4 Rxf6 34.Rxf6 Qe7 35.Qf4 Kg8 36.g4 b5
37.g5 Rc8 38.d6 Qe8 39.e6 dxe6 40.Qe5 c4 41.Rxe6 Qd7 42.bxc4 bxc4 43.h3 Qb7  1-0

[Event "CSR-ch"]
[Site "Bratislava"]
[Date "1991.??.??"]
[Round "6"]
[White "Rasik, Vitezslav"]
[Black "Velicka, Petr"]
[Result "1-0"]
[WhiteElo "2410"]
[BlackElo "2335"]

1.c4 e5 2.g3 c6 3.d4 d6 4.Bg2 Be7 5.Nc3 Nf6 6.e4 O-O 7.Nge2 Nbd7 8.O-O a5
9.h3 Re8 10.Re1 Bf8 11.Be3 Qc7 12.Qc2 g6 13.Rad1 h6 14.b3 Kh7 15.d5 Nc5 16.Rd2 Bd7
17.Red1 Rad8 18.Nc1 Na6 19.Qb1 Ng8 20.dxc6 bxc6 21.Na4 Rb8 22.Ne2 d5 23.exd5 cxd5
24.Nac3 d4 25.Nd5 Qc8 26.Nxd4 exd4 27.Bxd4 Bc5 28.Ba1 Bxh3 29.Qb2 f6 30.Nxf6+ Nxf6
31.Qxf6 Re7 32.Rd8 Qxd8 33.Rxd8 Rxd8 34.Be4 Bf5 35.Bxf5 gxf5 36.Qxf5+ Kg8
37.Qg6+ Kf8 38.Qxh6+ Kf7 39.Qf6+ Ke8 40.Qxa6 Rd1+ 41.Kg2 Rxa1 42.Qc8+ Kf7
43.Qf5+ Ke8 44.Qh5+ Kd7 45.Qxc5 Rxa2 46.g4 Ree2 47.Qf5+ Ke7 48.g5 a4 49.bxa4 Rxa4
50.g6 Re6 51.Qf7+  1-0

[Event "Autoteam"]
[Site "Budapest"]
[Date "1991.??.??"]
[Round "1"]
[White "Horvath, Jozsef"]
[Black "Fette, Martin"]
[Result "1/2-1/2"]
[WhiteElo "2540"]
[BlackElo "2380"]

1.c4 e5 2.g3 Nf6 3.Bg2 d5 4.cxd5 Nxd5 5.Nc3 Nb6 6.Nf3 Nc6 7.O-O Be7 8.d3 O-O
9.Be3 f5 10.b4 f4 11.Bc5 Kh8 12.Rb1 Bg4 13.Re1 Nd7 14.Ne4  1/2-1/2

[Event "Zeus (Women)"]
[Site "Budapest"]
[Date "1991.??.??"]
[Round "6"]
[White "Voiska, Margarita"]
[Black "Forgo, Eva"]
[Result "1/2-1/2"]
[WhiteElo "2335"]
[BlackElo "2240"]

1.c4 e5 2.g3 Nf6 3.Bg2 Nc6 4.Nc3 Bb4 5.d3 O-O 6.Bd2 Re8 7.Nf3 e4 8.dxe4 Bxc3
9.Bxc3 Nxe4 10.Rc1 Nxc3 11.Rxc3 d6 12.O-O Bg4 13.h3 Bd7 14.Rd3 Re7 15.Rd2 Qe8
16.Qc2 h6 17.e3 a5 18.Rfd1 b6 19.Qc3 Rb8 20.Nd4 Nxd4 21.Rxd4 Bf5 22.b3  1/2-1/2

[Event "Spring op"]
[Site "Budapest"]
[Date "1991.??.??"]
[Round "6"]
[White "Horvath, Csaba"]
[Black "Yuferov, Sergey  N"]
[Result "0-1"]
[WhiteElo "2460"]
[BlackElo "2395"]

1.c4 e5 2.g3 c6 3.Bg2 d5 4.cxd5 cxd5 5.d4 e4 6.Nc3 Nc6 7.f3 exf3 8.Nxf3 Nf6
9.O-O Be7 10.Kh1 O-O 11.Bg5 h6 12.Be3 Be6 13.Qd2 Ne4 14.Nxe4 dxe4 15.Ng1 Qd5
16.Nh3 Bxh3 17.Bxh3 Bb4 18.Qd1 Ne7 19.g4 Bd6 20.Bg2 Qe6 21.Bf4 Nd5 22.Bxd6 Qxd6
23.Qd2 Rae8 24.e3 g6 25.Rf2 Qe6 26.Qe2 Qe7 27.a3 Kg7 28.Re1 Qh4 29.h3 Re6
30.Rff1 Qg5 31.Rg1 Rh8 32.Bf1 Rf6 33.Qh2 Rf3 34.Bg2 Rxe3 35.Bxe4 Rxe1 36.Rxe1 Re8
37.Qf2 h5 38.Bf3 Rxe1+ 39.Qxe1 hxg4 40.hxg4 Ne3 41.Qg3 b6 42.b3 Nd5 43.a4 Nf4
44.Kg1 Qf6 45.d5 Qd4+ 46.Kh2 Qd2+ 47.Kh1 g5  0-1

[Event "Spring op"]
[Site "Budapest"]
[Date "1991.??.??"]
[Round "8"]
[White "Vaulin, Alexander"]
[Black "Yuferov, Sergey  N"]
[Result "1-0"]
[WhiteElo "2510"]
[BlackElo "2395"]

1.c4 e5 2.g3 c6 3.Bg2 d5 4.cxd5 cxd5 5.d4 e4 6.Nc3 Nc6 7.f3 exf3 8.exf3 g6
9.Nge2 Bg7 10.Be3 Nge7 11.g4 h5 12.h3 f5 13.gxh5 Rxh5 14.Qd2 Qa5 15.h4 Bf6
16.Bg5 Bxg5 17.hxg5 Rxh1+ 18.Bxh1 Bd7 19.Bg2 O-O-O 20.Kf2 Rh8 21.Nf4 Qb4
22.Rd1 Qd6 23.Nce2 Kb8 24.Qe3 Nc8 25.Nd3 Rh4 26.Nef4 N8e7 27.Re1 Bc8 28.b4 b5
29.a3 a6 30.Ne5 Nxe5 31.dxe5 Qc7 32.Kg3 Rh7 33.Rc1 Nc6 34.Nd3 d4 35.Qe2 f4+
36.Kxf4 Bf5 37.Kg3 Bxd3 38.Qxd3 Qxe5+ 39.f4 Qe6 40.Qf3 d3 41.Qxc6  1-0

[Event "Zeus (Women)"]
[Site "Budapest"]
[Date "1991.??.??"]
[Round "11"]
[White "Kunze, Kerstin"]
[Black "Forgo, Eva"]
[Result "1/2-1/2"]
[WhiteElo "2160"]
[BlackElo "2240"]

1.c4 e5 2.g3 Nc6 3.Bg2 Nf6 4.Nc3 Bb4 5.Nd5 Bc5 6.e3 O-O 7.Ne2 Nxd5 8.cxd5 Ne7
9.O-O d6 10.d4 exd4 11.Nxd4 Nf5 12.Nb3 Bb6 13.a4 a5  1/2-1/2

[Event "Buenos Aires Konex"]
[Site "Buenos Aires"]
[Date "1991.??.??"]
[Round "7"]
[White "Giardelli, Sergio C"]
[Black "Malbran, Guillermo"]
[Result "1-0"]
[WhiteElo "2435"]
[BlackElo "2315"]

1.c4 e5 2.g3 f5 3.Bg2 Nf6 4.Nf3 d6 5.O-O g6 6.Nc3 Bg7 7.d3 O-O 8.Rb1 h6 9.b4 a6
10.Bb2 Kh7 11.c5 Be6 12.a3 Nc6 13.b5 axb5 14.Nxb5 Qd7 15.a4 Rfd8 16.cxd6 cxd6
17.Nd2 d5 18.Nb3 Bf8 19.Rc1 b6 20.Rxc6 Qxc6 21.Bxe5 Bg7 22.N3d4 Qd7 23.Nc7 Bf7
24.Nxa8 Rxa8 25.Nb5 Re8 26.Qa1 Nh5 27.Bxg7 Nxg7 28.Rc1 Rxe2 29.Bf3 Re7 30.Qd4 Qd8
31.Rc6 Re6 32.Rc7 Qf6 33.Qxf6 Rxf6 34.Nc3 d4 35.Ne2 Ne6 36.Re7 Kg7 37.Bd5 Kf8
38.Rxf7+ Kxf7 39.Nxd4 Ke7 40.Bxe6 Rxe6 41.Nxe6 Kxe6 42.Kf1 Kd5 43.Ke2 Kc5
44.Ke3 Kb4 45.d4 Kxa4 46.d5 b5 47.d6  1-0

[Event "Buenos Aires Konex"]
[Site "Buenos Aires"]
[Date "1991.??.??"]
[Round "8"]
[White "Milos, Gilberto"]
[Black "Adla, Diego"]
[Result "1-0"]
[WhiteElo "2530"]
[BlackElo "2435"]

1.c4 e5 2.g3 Nf6 3.Bg2 d5 4.cxd5 Nxd5 5.Nf3 Nc6 6.O-O Be7 7.d4 e4 8.Ne5 f5
9.Nxc6 bxc6 10.Nd2 O-O 11.Nb3 Be6 12.Bd2 Rf6 13.Rc1 Qe8 14.Bg5 Rg6 15.Bxe7 Nxe7
16.Nc5 Bd5 17.Qd2 Nc8 18.Qf4 Nd6 19.f3 Qe7 20.fxe4 fxe4 21.Qe5 Re8 22.Qxe7 Rxe7
23.b3 e3 24.Nd3 Nb5 25.Nf4 Rd6 26.Nxd5 cxd5 27.Rfd1 c6 28.Rd3 Kf7 29.Rc5 Rf6
30.Bxd5+ cxd5 31.Rxb5 Rf5 32.Rc5 Kg6 33.Rcc3 Re4 34.Rxe3 Rxd4 35.Rc7 Rf7
36.Re6+ Kf5 37.Rxf7+ Kxe6 38.Rxa7 Rd2 39.Kf2 d4 40.Kf3 g6 41.h4 Ke5 42.Ra5+  1-0

[Event "Buenos Aires GP"]
[Site "Buenos Aires"]
[Date "1991.??.??"]
[Round "8"]
[White "Giardelli, Sergio C"]
[Black "Tempone, Marcelo"]
[Result "1/2-1/2"]
[WhiteElo "2435"]
[BlackElo "2460"]

1.c4 e5 2.g3 Nf6 3.Bg2 d5 4.cxd5 Nxd5 5.Nc3 Ne7 6.Nf3 Nbc6 7.b4 a6 8.Rb1 g6
9.O-O Bg7 10.d3 O-O 11.Ne4 h6 12.Bb2 b6 13.a4 Be6 14.Ned2 Ba2 15.Ra1 Bd5
16.e4 Be6 17.b5  1/2-1/2

[Event "Buenos Aires Konex"]
[Site "Buenos Aires"]
[Date "1991.??.??"]
[Round "8"]
[White "Quinteros, Miguel A"]
[Black "Tovillas, Daniel R"]
[Result "0-1"]
[WhiteElo "2505"]
[BlackElo "2335"]

1.c4 e5 2.g3 Nf6 3.Bg2 d5 4.cxd5 Nxd5 5.Nc3 Nb6 6.Nf3 Nc6 7.O-O Be7 8.a3 O-O
9.b4 Be6 10.Rb1 Nd5 11.Bb2 Nxc3 12.Bxc3 Bf6 13.d3 Nd4 14.Nd2 Bd5 15.Ne4 Bxe4
16.Bxe4 c6 17.a4 Qe7 18.b5 c5 19.b6 a6 20.e3 Ne6 21.f4 exf4 22.Bxf6 Qxf6
23.Bxb7 Rab8 24.Bg2 Qd8 25.gxf4 Rxb6 26.f5 Rxb1 27.Qxb1 Nc7 28.Qb6 Nd5 29.Qxc5 Nf6
30.Rd1 Re8 31.Bf3 h5 32.e4 Ng4 33.Qc1 Qd4+ 34.Kh1 Nf2+ 35.Kg2 Nxd1 36.Qxd1 Rb8  0-1

[Event "Burgas"]
[Site "Burgas"]
[Date "1991.??.??"]
[Round "8"]
[White "Angelov, Angel"]
[Black "Manolov, Ivan"]
[Result "1-0"]
[WhiteElo "2290"]
[BlackElo "2380"]

1.c4 e5 2.g3 Nf6 3.Bg2 d5 4.cxd5 Nxd5 5.Nf3 Nc6 6.O-O Nb6 7.Nc3 g6 8.a4 a5
9.d4 exd4 10.Nb5 Bg7 11.Bf4 Nd5 12.Nfxd4 Nxd4 13.Bxd5 Nxb5 14.axb5 O-O 15.Ra2 Qe8
16.Bxc7 Qxb5 17.e4 Re8 18.Qd2 a4 19.Rc1 Be6 20.Rc4 Bxd5 21.Qxd5 Qb3 22.Rcxa4 Qxa4
23.Rxa4 Rxa4 24.e5 Ra1+ 25.Kg2 Re1 26.Qb5 Ra8 27.Qxb7 Re8 28.f4 h5 29.b4 g5
30.b5 Ra1 31.b6 g4 32.Kf2 Bf8 33.Ke3 Ra5 34.Qc6 Ra3+ 35.Ke4 Re6 36.Qc4  1-0